| 000 | 00516nam a2200145Ia 4500 | ||
|---|---|---|---|
| 008 | 100204s9999 xx 000 0 und d | ||
| 082 | _b8326 | ||
| 100 | _aक्षीरसागर राम | ||
| 245 | _aचहाच्या टेबलावर | ||
| 260 |
_b"दिपाली प्रकाशन , कल्याण , ठाणे" _c1986 |
||
| 300 | _a168 | ||
| 630 | _aचहाच्या टेबलावर | ||
| 730 | _aचहाच्या टेबलावर | ||
| 942 | _cBOOK | ||
| 999 |
_c452762 _d452759 |
||